000 00927cam a22003017a 4500
003 CHAP
005 20220329142931.0
008 050314d2003 eu a r 00110 eng d
010 _a89806
011 _a90778
020 _a0849313392
035 _a101335
040 _cCHAP
082 0 4 _a631.44
_bE83
100 0 0 _aEswaran, Hari
_eed.
_938578
245 1 0 _aSoil classification :
_ba global desk reference
_c/ed. by Hari Eswaran (and others)
260 _aBoca Raton, Fla. :
_bCRC press,
_c2003.
300 _a263 p. :
_bilus.
590 _aBATCH-UPD
_b10
_c20130110
_lUCH01
_h2022
590 _aBATCH-UPD
_b10
_c20130410
_lUCH01
_h1340
590 _aBATCH-UPD
_b10
_c20130914
_lUCH01
_h1556
590 _aCONVERSION
_b10
_c20130109
_lUCH01
_h1350
650 1 4 _aSuelos
_xClasificación.
_9110239
901 _aBK
905 _aLilia
942 _cLIBRO
949 _a631.44 E83
_bBC
_cLIBRO
_d33724000952909
_eLIBRO
_h015152
_i101335
_si
999 _c89806
_d89806